International Congress Of Environmental Reseach (Record no. 18742)

MARC details
000 -LEADER
fixed length control field 00393nam a2200133Ia 4500
008 - FIXED-LENGTH DATA ELEMENTS--GENERAL INFORMATION
fixed length control field 220803s9999 xx 000 0 und d
041 ## - LANGUAGE CODE
Language code of text/sound track or separate title eng
082 ## - DEWEY DECIMAL CLASSIFICATION NUMBER
Classification number 711.5 PAT
100 ## - MAIN ENTRY--PERSONAL NAME
Personal name Pathak N
9 (RLIN) 29899
245 ## - TITLE STATEMENT
Title International Congress Of Environmental Reseach
260 ## - PUBLICATION, DISTRIBUTION, ETC. (IMPRINT)
Name of publisher, distributor, etc. "Government Geetanjali Girl's P G College Bhopal, Bhopal"
Date of publication, distribution, etc. 2007
300 ## - PHYSICAL DESCRIPTION
Extent 258p
650 ## - SUBJECT ADDED ENTRY--TOPICAL TERM
Topical term or geographic name as entry element Urban Architecture
9 (RLIN) 29900
Holdings
Withdrawn status Lost status Damaged status Not for loan Home library Current library Date acquired Vendor Cost, normal purchase price Total Checkouts Full call number Barcode Date last seen Bill Date Koha item type Original Barcode
        Dr. Bhanuben Nanavati College of Architecture Dr. Bhanuben Nanavati College of Architecture 04/08/2016 Modak S 500.00   711.5 PAT BNCA-DB-1458 03/08/2022 03/08/2022 Donated Book DB001458